Polynesian Marvel Characters by Picture - Statistics

General Stats
  • This quiz has been taken 6 times
  • The average score is 4 of 9
Answer Stats
Picture Answer % Correct
Loa
83%
Mettle
67%
Mondo
67%
She-Hulk (Lejori Zakaria)
50%
Kiwi Black
33%
Pele
33%
Varua
33%
Star Sign
17%
Tuatara
17%
No matching quizzes found
Score Distribution
Percent of People with Each Score
Percentile by Number Answered
Your Score History
You have not taken this quiz